000
00276nam a2200121 a 4500
008
101208s1961|||| d
100
1
_a
Feuchtwanger, Lion
245
1
0
_a
Hľadám umenie
260
_b
SVKL
_a
Bratislava
_c
1961
020
_c
13
041
_a
slo
044
_a
xo
_c
SK
999
_c
14932
_d
14932